00582nam a2200193Ia 4500008004100000020000700041082001600048100002200064245002800086250000700114260003500121300002800156500001900184600002700203650001500230942000700245952012100252999001500373240925s9999 xx 000 0 und d aNA a624.171 GER aGeristle ,Kurt H. 0aBasic Structural Design aNA aNew York:bMcGraw-Hillc,1967. axvi,634p.bNAfOriginal aIncludes Index aEngineering Technology aTechnology cBK 011040708ETaUITUbUITUd1997-11-19eUIT Fruit Canadal0o624.171 GERpQ1272r2024-09-25 07:12:22w2024-09-25yBK c3771d3771